Normal view
MARC view
- مدانات،أوجيني
Entry Personal Name
001 - CONTROL NUMBER
- control field: 10486
003 - CONTROL NUMBER IDENTIFIER
- control field: JO-AjAnu
005 - DATE AND TIME OF LATEST TRANSACTION
- control field: 20230606072002.0
008 - FIXED-LENGTH DATA ELEMENTS
- fixed length control field: 230606|| aca||aabn | a|a d
040 ## - CATALOGING SOURCE
- Original cataloging agency: JO-AjAnu
- Transcribing agency: JO-AjAnu
100 ## - HEADING--PERSONAL NAME
- Personal name: مدانات،أوجيني
670 ## - SOURCE DATA FOUND
- Source citation: Work cat.: (JO-AjAnu)5398: مدانات،أوجيني, author, سيكولوجية الطفل:نمو الطفل الإجتماعي واللغوي والعقلي منذ الولادة وحتى سن ما قبل المدرسة